[Event "Rated Blitz game"]
[Site "?"]
[Date "2021.07.03"]
[Round "?"]
[White "chimpchicken"]
[Black "blastol"]
[Result "0-1"]
[WhiteElo "2247"]
[BlackElo "2428"]
[PlyCount "72"]
[EventDate "2021.??.??"]
[EventType "blitz"]

1. e4 e5 2. Nf3 d5 3. exd5 Bd6 4. d4 e4 5. Ne5 Nf6 6. Bb5+ c6 7. dxc6 bxc6 8.
Ba4 Qa5+ 9. Nc3 Bxe5 10. dxe5 Qxe5 11. Be3 Ba6 12. Qd4 Qe6 13. O-O-O O-O 14.
Qd6 Qc8 15. Bg5 Nbd7 16. Qxc6 Ne5 17. Qxc8 Raxc8 18. Bxf6 gxf6 19. Nd5 Kg7 20.
Kb1 Ng4 21. Rd2 Rfd8 22. Bb3 Rc5 23. h3 e3 24. Rd4 Nxf2 25. Re1 Bb7 26. c4 Re8
27. Bc2 Re5 28. b3 f5 29. Nxe3 f4 30. Nf5+ Rxf5 31. Bxf5 Rxf5 32. Re7 Bxg2 33.
b4 Nxh3 34. c5 f3 35. b5 f2 36. Rd1 f1=Q {Time forfeit} 0-1

[Event "Rated Blitz tournament UcbgiKKH"]
[Site "?"]
[Date "2021.07.03"]
[Round "?"]
[White "NOELDelaCruz"]
[Black "Jorny_Too_Pass"]
[Result "0-1"]
[WhiteElo "2421"]
[BlackElo "2233"]
[PlyCount "54"]
[EventDate "2021.??.??"]
[EventType "blitz"]

1. e4 e5 2. Nf3 d5 3. Nxe5 Bd6 4. d4 dxe4 5. Nc4 Nf6 6. Nc3 h6 7. Nxd6+ cxd6 8.
g3 Bg4 9. Be2 Bh3 10. d5 O-O 11. Be3 a6 12. Qd4 Re8 13. O-O-O b5 14. Kb1 Nbd7
15. Rhg1 Bg4 16. Bxg4 Nxg4 17. Nxe4 Nxe3 18. fxe3 Ne5 19. Rgf1 Rc8 20. Nd2 Ng4
21. e4 Nxh2 22. Rf4 h5 23. Rh1 Ng4 24. Rxh5 Ne5 25. Rfh4 f6 26. Nf1 Nf3 27. Ne3
Nxd4 {Normal} 0-1

[Event "Rated Blitz game"]
[Site "?"]
[Date "2021.07.03"]
[Round "?"]
[White "Soorajmr"]
[Black "ahoramahora"]
[Result "0-1"]
[WhiteElo "2472"]
[BlackElo "2339"]
[PlyCount "60"]
[EventDate "2021.??.??"]
[EventType "blitz"]

1. e4 e5 2. Nf3 d5 3. exd5 e4 4. Ne5 Qxd5 5. d4 exd3 6. Nxd3 Bf5 7. Nc3 Qd7 8.
Be2 Nc6 9. O-O O-O-O 10. Be3 Nf6 11. Bf3 Kb8 12. Bxc6 Qxc6 13. Ne5 Qe8 14. Qe2
Bd6 15. Nc4 Ng4 16. h3 Nxe3 17. Nxe3 Bd7 18. Rfe1 Bc6 19. Nf5 Qxe2 20. Rxe2 g6
21. Nxd6 Rxd6 22. Rae1 Rhd8 23. Ne4 Bxe4 24. Rxe4 Kc8 25. Re7 R8d7 26. g4 Rxe7
27. Rxe7 Rd7 28. Re2 Kd8 29. Kg2 Re7 30. Kg3 Rxe2 {Normal} 0-1

[Event "Rated Blitz game"]
[Site "?"]
[Date "2021.07.03"]
[Round "?"]
[White "Nadigraj"]
[Black "Winquitter"]
[Result "1-0"]
[WhiteElo "2741"]
[BlackElo "2540"]
[PlyCount "59"]
[EventDate "2021.??.??"]
[EventType "blitz"]

1. e4 e5 2. Nf3 d5 3. exd5 e4 4. Qe2 Be7 5. Qxe4 Nf6 6. Qa4+ c6 7. dxc6 Nxc6 8.
Be2 O-O 9. c3 Re8 10. O-O Bd6 11. Qd1 Nd5 12. d4 Bf5 13. c4 Nf4 14. Bxf4 Bxf4
15. Nc3 Nb4 16. Ne1 Qg5 17. g3 Bh3 18. Ng2 Bc7 19. a3 Nc6 20. d5 Ne7 21. c5 Be5
22. f4 Qh6 23. fxe5 Ng6 24. e6 fxe6 25. d6 Rad8 26. Qc1 Qxc1 27. Raxc1 Ne5 28.
Rfe1 Nc6 29. Nf4 e5 30. Nxh3 {Normal} 1-0

[Event "Rated Blitz tournament yJ3GOGFz"]
[Site "?"]
[Date "2021.07.03"]
[Round "?"]
[White "ElefanteNegro"]
[Black "elcabusin"]
[Result "0-1"]
[WhiteElo "2207"]
[BlackElo "2430"]
[PlyCount "34"]
[EventDate "2021.??.??"]
[EventType "blitz"]

1. e4 e5 2. Nf3 d5 3. Bc4 dxc4 4. Nxe5 Be6 5. Qe2 Qd4 6. Nf3 Qc5 7. b3 cxb3 8.
axb3 Nc6 9. Ba3 Qh5 10. Bxf8 Kxf8 11. d4 Bg4 12. c3 Bxf3 13. gxf3 a6 14. Nd2
Re8 15. Qc4 Nf6 16. d5 Qxd5 17. Qe2 Qh5 {Normal} 0-1

[Event "Rated Blitz tournament gTD2QFzP"]
[Site "?"]
[Date "2021.07.03"]
[Round "?"]
[White "AK-CMC"]
[Black "Gendut_BKD"]
[Result "1-0"]
[WhiteElo "2418"]
[BlackElo "2443"]
[PlyCount "113"]
[EventDate "2021.??.??"]
[EventType "blitz"]

1. e4 e5 2. Nf3 d5 3. Nxe5 Bd6 4. d4 dxe4 5. Nc4 Be7 6. Nc3 Nf6 7. Bg5 Bf5 8.
Be2 O-O 9. O-O Nc6 10. d5 Nb8 11. Re1 Nbd7 12. d6 cxd6 13. Nxd6 Bxd6 14. Qxd6
Qa5 15. Rad1 h6 16. Bh4 a6 17. Nd5 Nxd5 18. Qxd5 Qxd5 19. Rxd5 Be6 20. Rd4 f5
21. Rd6 Rfe8 22. Bh5 Nf8 23. Bxe8 Rxe8 24. b3 Rc8 25. c4 Kf7 26. Red1 g5 27.
Bg3 f4 28. R6d4 fxg3 29. hxg3 Bf5 30. Rd6 Kg7 31. R1d5 Bg6 32. Re5 Kf7 33. Rb6
Rc7 34. Rd6 Nd7 35. Red5 Nf6 36. Rd1 Re7 37. Re1 Kg7 38. b4 Ng4 39. f3 Nf6 40.
fxe4 Nxe4 41. Rd4 Kf6 42. c5 h5 43. Rd5 Bf5 44. Rf1 Re5 45. Rxe5 Kxe5 46. Re1
Kd4 47. g4 Ng3 48. gxf5 Nxf5 49. Rc1 Ne3 50. c6 bxc6 51. Rxc6 Nd5 52. a3 h4 53.
Rxa6 g4 54. Rg6 g3 55. Rg4+ Ke3 56. Rxh4 Nf4 57. Rxf4 {Time forfeit} 1-0

[Event "Rated Blitz game"]
[Site "?"]
[Date "2021.07.03"]
[Round "?"]
[White "ZhuoKoudian"]
[Black "blastol"]
[Result "1-0"]
[WhiteElo "2385"]
[BlackElo "2432"]
[PlyCount "51"]
[EventDate "2021.??.??"]
[EventType "blitz"]

1. e4 e5 2. Nf3 d5 3. Nxe5 Bd6 4. d4 dxe4 5. Nc4 Nf6 6. Nxd6+ Qxd6 7. c3 O-O 8.
Be2 Nc6 9. O-O h6 10. Be3 Nd5 11. Qd2 f5 12. f4 g5 13. Bc4 Kh7 14. Bxd5 Qxd5
15. fxg5 hxg5 16. Bxg5 Rg8 17. Be3 Be6 18. Na3 Rg4 19. Rf4 Rag8 20. Rxg4 Rxg4
21. Rf1 a6 22. c4 Qd8 23. d5 Ne5 24. dxe6 Nf3+ 25. Rxf3 Qxd2 26. Rh3+ {Normal}
1-0

[Event "Rated Blitz game"]
[Site "?"]
[Date "2021.07.03"]
[Round "?"]
[White "andrew09876"]
[Black "oALJoNDzKiE"]
[Result "0-1"]
[WhiteElo "2412"]
[BlackElo "2338"]
[PlyCount "80"]
[EventDate "2021.??.??"]
[EventType "blitz"]

1. e4 e5 2. Nf3 d5 3. Nxe5 dxe4 4. d4 Nf6 5. c4 Bd6 6. Bf4 Bf5 7. Nc3 Nbd7 8.
Nxd7 Bxf4 9. Nxf6+ Qxf6 10. Nd5 Qd6 11. Nxf4 Qxf4 12. g3 Qd6 13. Bg2 O-O-O 14.
d5 Qb4+ 15. Qd2 Qxc4 16. Rd1 Bg4 17. Rc1 Qxd5 18. Qxd5 Rxd5 19. O-O Bf3 20.
Rfe1 Rd2 21. Bxf3 exf3 22. Re7 c6 23. Rxf7 Rxb2 24. Rxf3 Rxa2 25. Rf7 Rg8 26.
Rb1 b5 27. Rc1 Ra6 28. Re1 b4 29. Rb1 c5 30. Rc1 Ra5 31. Rf5 Kd7 32. Rfxc5 Rxc5
33. Rxc5 Rb8 34. Ra5 Rb7 35. Ra2 b3 36. Rb2 a5 37. Kf1 a4 38. Ke2 a3 39. Rb1 a2
40. Rd1+ Ke6 {Normal} 0-1

[Event "Rated Blitz game"]
[Site "?"]
[Date "2021.07.03"]
[Round "?"]
[White "bfeniks"]
[Black "GoughPhar"]
[Result "0-1"]
[WhiteElo "2289"]
[BlackElo "2400"]
[PlyCount "88"]
[EventDate "2021.??.??"]
[EventType "blitz"]

1. e4 e5 2. Nf3 d5 3. Nxe5 Bd6 4. d4 dxe4 5. Bc4 Bxe5 6. Qh5 Qe7 7. Qxe5 Qxe5
8. dxe5 Nc6 9. Bf4 Nge7 10. Bb5 Bd7 11. Bg3 Nxe5 12. Bxe5 Bxb5 13. Nc3 Bc6 14.
Bxc7 Rc8 15. Bd6 Nf5 16. Ba3 e3 17. O-O Nd4 18. Rac1 exf2+ 19. Rxf2 f6 20. Re1+
Kf7 21. Re7+ Kg6 22. Ne4 Bxe4 23. Rxe4 Nxc2 24. Bd6 Rhd8 25. Bf4 Nd4 26. Rd2
Nc6 27. Rxd8 Rxd8 28. Re2 a5 29. a3 a4 30. h4 Rd4 31. g3 Kf5 32. Rc2 Kg4 33.
Kg2 g5 34. hxg5 fxg5 35. Bc7 h5 36. Re2 h4 37. gxh4 gxh4 38. Bb6 h3+ 39. Kh2
Rd3 40. Re4+ Kf5 41. Rc4 Ne5 42. Rc3 Ng4+ 43. Kh1 Rd1+ 44. Bg1 h2 {Time forfeit
} 0-1

[Event "Rated Blitz game"]
[Site "?"]
[Date "2021.07.03"]
[Round "?"]
[White "BENED7707"]
[Black "Winquitter"]
[Result "0-1"]
[WhiteElo "2533"]
[BlackElo "2533"]
[PlyCount "38"]
[EventDate "2021.??.??"]
[EventType "blitz"]

1. e4 e5 2. Nf3 d5 3. Nxe5 Qe7 4. d4 f6 5. Nf3 dxe4 6. Nfd2 f5 7. c3 Nf6 8. Be2
Be6 9. O-O Nc6 10. Nc4 O-O-O 11. a4 Qf7 12. Nba3 g5 13. Bxg5 Rg8 14. Bf4 Nd5
15. Be5 f4 16. Bh5 Qf5 17. Nb5 f3 18. g4 Qxh5 19. Bxc7 Qh3 {Normal} 0-1

[Event "Rated Blitz game"]
[Site "?"]
[Date "2021.07.03"]
[Round "?"]
[White "iakov98"]
[Black "Moskvin_Tolik"]
[Result "1-0"]
[WhiteElo "2605"]
[BlackElo "2505"]
[PlyCount "54"]
[EventDate "2021.??.??"]
[EventType "blitz"]

1. e4 e5 2. Nf3 d5 3. exd5 e4 4. Qe2 Qe7 5. Nd4 Nf6 6. Nc3 Bg4 7. f3 exf3 8.
gxf3 Bh5 9. Nf5 Bxf3 10. Qxe7+ Bxe7 11. Bb5+ Kf8 12. O-O Bxd5 13. Nxe7 Kxe7 14.
Rxf6 gxf6 15. Nxd5+ Kd6 16. Nxf6 c6 17. Bf1 Ke7 18. Ne4 Rg8+ 19. Kf2 Nd7 20. d4
Rg4 21. Kf3 Rag8 22. Bh3 Rg1 23. Bxd7 f5 24. Bxf5 Rf1+ 25. Nf2 Rgg1 26. Bg5+
Kf7 27. Rxf1 Rxf1 {Normal} 1-0

[Event "Rated Blitz tournament jul21bta"]
[Site "?"]
[Date "2021.07.03"]
[Round "?"]
[White "DonFulgenzio"]
[Black "specialprize4u"]
[Result "1-0"]
[WhiteElo "2435"]
[BlackElo "2321"]
[PlyCount "77"]
[EventDate "2021.??.??"]
[EventType "blitz"]

1. e4 e5 2. Nf3 d5 3. Nxe5 Bd6 4. d4 dxe4 5. Bf4 Nf6 6. Bc4 O-O 7. O-O Nc6 8.
Nxc6 bxc6 9. Bxd6 cxd6 10. Nc3 d5 11. Be2 Rb8 12. b3 Qb6 13. Na4 Qc7 14. Nc5
Nd7 15. c3 Nxc5 16. dxc5 Qe5 17. Qd4 Qe7 18. b4 f5 19. f4 g5 20. g3 h6 21. a4
Kh7 22. Rf2 gxf4 23. Rxf4 Qf6 24. Qe3 Be6 25. Rd1 Rbd8 26. Kh1 Rg8 27. b5 Qe5
28. b6 axb6 29. cxb6 Qd6 30. Rh4 Rg6 31. b7 Rb8 32. Rb1 c5 33. a5 d4 34. cxd4
cxd4 35. Qf4 Qxf4 36. Rxf4 d3 37. Bh5 Rf6 38. a6 Bd5 39. a7 {Normal} 1-0

[Event "Rated Blitz game"]
[Site "?"]
[Date "2021.07.03"]
[Round "?"]
[White "Swordoftheword16"]
[Black "Winquitter"]
[Result "1-0"]
[WhiteElo "2570"]
[BlackElo "2519"]
[PlyCount "101"]
[EventDate "2021.??.??"]
[EventType "blitz"]

1. e4 e5 2. Nf3 d5 3. exd5 e4 4. Qe2 Be7 5. Qxe4 Nf6 6. Qe2 O-O 7. Nc3 Re8 8.
d3 Bb4 9. Be3 Nxd5 10. Qd2 f5 11. O-O-O Qf6 12. Bd4 Qa6 13. Kb1 Nxc3+ 14. Bxc3
Be6 15. b3 Bxc3 16. Qxc3 Nc6 17. d4 Qa5 18. Qxa5 Nxa5 19. Bd3 g6 20. Rhe1 Bf7
21. Ne5 Rad8 22. Nxf7 Rxe1 23. Nh6+ Kg7 24. Nxf5+ gxf5 25. Rxe1 Rxd4 26. Re7+
Kf6 27. Rxc7 Rh4 28. h3 f4 29. f3 Rh5 30. Rxh7 Rg5 31. h4 Rxg2 32. h5 Rh2 33.
h6 Nc6 34. Rxb7 Rxh6 35. Be4 Ke5 36. Bxc6 Rxc6 37. Rxa7 Rc3 38. Ra4 Rxf3 39.
Kb2 Re3 40. Ra8 f3 41. Rf8 Ke4 42. a4 Re2 43. a5 Rh2 44. a6 Rh7 45. b4 Ke3 46.
b5 f2 47. c4 Kd4 48. Kb3 Kc5 49. Rf5+ Kb6 50. Kb4 Ka7 51. Rxf2 {Normal} 1-0

[Event "Rated Blitz tournament jul21bta"]
[Site "?"]
[Date "2021.07.03"]
[Round "?"]
[White "Computercheat"]
[Black "KrAKeN_1"]
[Result "1-0"]
[WhiteElo "2551"]
[BlackElo "2546"]
[PlyCount "65"]
[EventDate "2021.??.??"]
[EventType "blitz"]

1. e4 e5 2. Nf3 d5 3. exd5 e4 4. Ne5 Qxd5 5. d4 exd3 6. Nxd3 Nf6 7. Nd2 Nc6 8.
Nf3 Bd6 9. Be2 O-O 10. O-O Bg4 11. h3 Bh5 12. Nf4 Qxd1 13. Bxd1 Bxf3 14. Bxf3
Nd4 15. Bd1 Rfe8 16. c3 Bxf4 17. Bxf4 Ne2+ 18. Bxe2 Rxe2 19. Bxc7 Rxb2 20. Be5
Re8 21. Bd4 Nd5 22. c4 Rb4 23. Rfc1 Nb6 24. Rab1 Rxc4 25. Rxc4 Nxc4 26. Rxb7 a5
27. Rc7 Nd6 28. Rc5 a4 29. Ra5 a3 30. Bc5 Nc4 31. Ra4 Nd2 32. Be3 h5 33. Bxd2 {
Normal} 1-0

[Event "Rated Blitz game"]
[Site "?"]
[Date "2021.07.02"]
[Round "?"]
[White "Neftegor"]
[Black "KamranShirazi"]
[Result "1-0"]
[WhiteElo "2539"]
[BlackElo "2564"]
[PlyCount "69"]
[EventDate "2021.??.??"]
[EventType "blitz"]

1. e4 e5 2. Nf3 d5 3. exd5 e4 4. Qe2 Nf6 5. d3 Bb4+ 6. c3 O-O 7. dxe4 Bc5 8.
Bg5 c6 9. dxc6 Nxc6 10. Nbd2 Re8 11. O-O-O Qc7 12. Bxf6 gxf6 13. Kb1 Bg4 14.
Qc4 Bxf2 15. Be2 Rac8 16. Rhf1 Be3 17. Nb3 a6 18. Qd3 Bh6 19. Nfd4 Bxe2 20.
Qxe2 Ne5 21. Nf5 Bf8 22. Nbd4 Nc4 23. Rd3 Qb6 24. b3 Ne5 25. Rg3+ Ng6 26. h4
Kh8 27. h5 Rc5 28. hxg6 fxg6 29. Rh1 Qc7 30. Qg4 Rxc3 31. Rxh7+ Qxh7 32. Rxc3
gxf5 33. Nxf5 Qh1+ 34. Kc2 Bh6 35. Nxh6 {Time forfeit} 1-0

[Event "Rated Blitz game"]
[Site "?"]
[Date "2021.07.02"]
[Round "?"]
[White "Huachinango"]
[Black "KamranShirazi"]
[Result "0-1"]
[WhiteElo "2468"]
[BlackElo "2554"]
[PlyCount "46"]
[EventDate "2021.??.??"]
[EventType "blitz"]

1. e4 e5 2. Nf3 d5 3. d3 dxe4 4. dxe4 Qxd1+ 5. Kxd1 Nc6 6. c3 Bg4 7. Be2 f5 8.
h3 O-O-O+ 9. Kc2 Bxf3 10. Bxf3 f4 11. g3 fxg3 12. fxg3 Bc5 13. Bg5 Rf8 14. Bg4+
Kb8 15. Nd2 h6 16. Nb3 Rf2+ 17. Kd3 hxg5 18. Nxc5 Nf6 19. Rhf1 Rd8+ 20. Kc4
Na5+ 21. Kb4 Rxb2+ 22. Ka3 Nc4+ 23. Ka4 b5# {Normal} 0-1

[Event "Rated Blitz game"]
[Site "?"]
[Date "2021.07.02"]
[Round "?"]
[White "dumbchess7"]
[Black "KinzyabulatovRenat"]
[Result "1-0"]
[WhiteElo "2465"]
[BlackElo "2391"]
[PlyCount "79"]
[EventDate "2021.??.??"]
[EventType "blitz"]

1. e4 e5 2. Nf3 d5 3. d4 dxe4 4. Nxe5 Bd6 5. Bc4 Bxe5 6. dxe5 Qxd1+ 7. Kxd1 Nc6
8. Bf4 Bf5 9. Kc1 Nge7 10. Nc3 Ng6 11. Bg3 h5 12. e6 fxe6 13. Bxc7 e5 14. Rd1
Rc8 15. Bd6 Nd4 16. Bd5 b5 17. Bxe5 Nxc2 18. Kxc2 Nxe5 19. Kb3 Nd3 20. Bxe4
Nc5+ 21. Kb4 Nxe4 22. Re1 Kf7 23. Nxe4 Rc4+ 24. Kxb5 Rxe4 25. Rec1 Rb8+ 26. Kc5
Rxb2 27. f3 Ree2 28. a4 Rxg2 29. h4 Rgf2 30. Rc4 Rxf3 31. Rd1 g6 32. Rd6 Ra2
33. Kb5 Rb3+ 34. Ka5 Bd3 35. Rc7+ Ke8 36. Rd4 Bf5 37. Rxa7 Rb8 38. Rc4 Be6 39.
Rcc7 Kf8 40. Rh7 {Time forfeit} 1-0

[Event "Rated Blitz game"]
[Site "?"]
[Date "2021.07.02"]
[Round "?"]
[White "ZeruHmyz"]
[Black "jflup"]
[Result "0-1"]
[WhiteElo "2474"]
[BlackElo "2509"]
[PlyCount "104"]
[EventDate "2021.??.??"]
[EventType "blitz"]

1. e4 e5 2. Nf3 d5 3. d4 dxe4 4. Nxe5 Nd7 5. Bf4 Nxe5 6. Bxe5 Nf6 7. Bc4 Bd6 8.
Qe2 O-O 9. Nc3 Re8 10. O-O-O Bf5 11. h3 Bg6 12. g4 Nd7 13. Bxd6 cxd6 14. h4 h6
15. Rdg1 Rc8 16. h5 Bh7 17. Bb3 Qg5+ 18. Qe3 Nf6 19. Kb1 a6 20. Qg3 d5 21. Na4
b5 22. Nc5 a5 23. a4 bxa4 24. Bxa4 Red8 25. Qe3 Rb8 26. b3 Rb4 27. c3 Rb6 28.
Qxg5 hxg5 29. Kc1 Kf8 30. Kd2 Ke7 31. Rg3 Kd6 32. Ra1 Rdb8 33. Re1 Rd8 34. Rh1
Rdb8 35. Ke3 Ke7 36. f4 exf3 37. Kxf3 Ne4 38. Re1 Kd6 39. Nxe4+ Bxe4+ 40. Ke3
f6 41. Rh3 Rxb3 42. Bxb3 Rxb3 43. Rc1 a4 44. h6 gxh6 45. Rxh6 Ke6 46. Rh8 f5
47. gxf5+ Kxf5 48. Ra8 a3 49. Ra5 g4 50. Rf1+ Kg5 51. Kd2 Rb2+ 52. Kc1 Rb1+ {
Normal} 0-1

[Event "Rated Blitz game"]
[Site "?"]
[Date "2021.07.02"]
[Round "?"]
[White "Mescalero81"]
[Black "KinzyabulatovRenat"]
[Result "1-0"]
[WhiteElo "2590"]
[BlackElo "2446"]
[PlyCount "85"]
[EventDate "2021.??.??"]
[EventType "blitz"]

1. e4 e5 2. Nf3 d5 3. exd5 e4 4. Qe2 Nf6 5. d3 Qxd5 6. Nc3 Bb4 7. Bd2 Bxc3 8.
Bxc3 O-O 9. Ne5 Re8 10. d4 Nc6 11. Nxc6 Qxc6 12. Qb5 Bd7 13. Qxc6 Bxc6 14. Bd2
Rad8 15. Be3 Nd5 16. c4 Nb4 17. Kd2 Bd7 18. Kc3 Nc6 19. Be2 f5 20. b4 a6 21. a4
a5 22. b5 Nb4 23. h4 Be6 24. d5 Bf7 25. Rhd1 h6 26. h5 b6 27. d6 Rxd6 28. Rxd6
cxd6 29. Bxb6 Rc8 30. Bxa5 Nd5+ 31. Kb3 Nf4 32. Bf1 d5 33. cxd5 Bxd5+ 34. Kb2
Nd3+ 35. Bxd3 exd3 36. Bc3 Bc4 37. Re1 Kf7 38. Re5 Be6 39. a5 Ke7 40. a6 Kd6
41. b6 Rc6 42. b7 Rb6+ 43. Kc1 {Time forfeit} 1-0

[Event "Rated Blitz game"]
[Site "?"]
[Date "2021.07.02"]
[Round "?"]
[White "AquariuSD11"]
[Black "pasha1984"]
[Result "0-1"]
[WhiteElo "2406"]
[BlackElo "2389"]
[PlyCount "22"]
[EventDate "2021.??.??"]
[EventType "blitz"]

1. e4 e5 2. Nf3 d5 3. Nxe5 dxe4 4. Nc3 Bd6 5. Nxf7 Kxf7 6. Qh5+ g6 7. Bc4+ Kg7
8. Qe2 Nf6 9. O-O Re8 10. f3 Bf5 11. Kh1 Nc6 {Normal} 0-1

[Event "Rated Blitz game"]
[Site "?"]
[Date "2021.07.02"]
[Round "?"]
[White "Jjvito25"]
[Black "lavilaine"]
[Result "1-0"]
[WhiteElo "2402"]
[BlackElo "2382"]
[PlyCount "45"]
[EventDate "2021.??.??"]
[EventType "blitz"]

1. e4 e5 2. Nf3 d5 3. d4 dxe4 4. Nxe5 Bd6 5. Nc4 f5 6. Nxd6+ cxd6 7. Bb5+ Bd7
8. Qe2 Nf6 9. Bf4 d5 10. Nc3 a6 11. Bxd7+ Qxd7 12. Be5 O-O 13. O-O-O Nc6 14.
Kb1 Rae8 15. f4 b5 16. h3 h5 17. Bxf6 Rxf6 18. Qxh5 Na5 19. g4 fxg4 20. hxg4
Rxf4 21. Nxd5 Rxg4 22. Qh7+ Kf8 23. Rdf1+ {Normal} 1-0

[Event "Rated Blitz game"]
[Site "?"]
[Date "2021.07.02"]
[Round "?"]
[White "axper89"]
[Black "KamranShirazi"]
[Result "1/2-1/2"]
[WhiteElo "2453"]
[BlackElo "2555"]
[PlyCount "102"]
[EventDate "2021.??.??"]
[EventType "blitz"]

1. e4 e5 2. Nf3 d5 3. d4 dxe4 4. Nxe5 Nd7 5. Bf4 Nxe5 6. Bxe5 Nf6 7. Nc3 Bb4 8.
a3 Bxc3+ 9. bxc3 O-O 10. Be2 Nd7 11. Bg3 f5 12. Qd2 c5 13. dxc5 Nxc5 14. Bd6 b6
15. Bxf8 Qxf8 16. O-O Be6 17. Rfd1 h6 18. Qd6 Qf6 19. Qc6 Rc8 20. Qd6 Qxc3 21.
Ba6 Rf8 22. Bb5 Rf6 23. Qd2 Qb2 24. Rab1 Qxa3 25. Ra1 Qb2 26. Rdb1 Qe5 27. Rxa7
Kh7 28. Bf1 f4 29. Rxb6 Rg6 30. Rb5 e3 31. fxe3 fxe3 32. Qe1 Qd4 33. c3 Qd6 34.
Qxe3 Nd7 35. Rbb7 Ne5 36. Qe4 Bd7 37. Qd4 Nf3+ 38. Kh1 Nxd4 39. Rxd7 Qf6 40.
Bd3 Nf5 41. Bxf5 Qxf5 42. Rd1 Qf3 43. gxf3 Rc6 44. Rg1 h5 45. Rgxg7+ Kh6 46.
Rg3 h4 47. Rg8 Kh5 48. Rh7+ Rh6 49. Rxh6+ Kxh6 50. Rh8+ Kg5 51. Rxh4 Kxh4 {
Time forfeit} 1/2-1/2

[Event "Rated Blitz game"]
[Site "?"]
[Date "2021.07.02"]
[Round "?"]
[White "SektorT"]
[Black "Schachelite"]
[Result "0-1"]
[WhiteElo "2366"]
[BlackElo "2482"]
[PlyCount "40"]
[EventDate "2021.??.??"]
[EventType "blitz"]

1. e4 e5 2. Nf3 d5 3. exd5 e4 4. Qe2 Nf6 5. Nc3 Be7 6. Nxe4 O-O 7. d3 Re8 8.
Be3 Nxd5 9. Nfd2 f5 10. Nc3 Nxc3 11. bxc3 Bf6 12. g3 Bxc3 13. Rb1 Nc6 14. Bg2
Nd4 15. Qd1 f4 16. gxf4 Qh4 17. Kf1 Bg4 18. Qc1 Be2+ 19. Kg1 Qg4 20. Ne4 Nf3# {
Normal} 0-1

[Event "Rated Blitz game"]
[Site "?"]
[Date "2021.07.02"]
[Round "?"]
[White "aNONoNonono"]
[Black "KamranShirazi"]
[Result "0-1"]
[WhiteElo "2535"]
[BlackElo "2551"]
[PlyCount "50"]
[EventDate "2021.??.??"]
[EventType "blitz"]

1. e4 e5 2. Nf3 d5 3. Nxe5 Bd6 4. d4 dxe4 5. Nc3 Bxe5 6. dxe5 Qxd1+ 7. Kxd1 Nc6
8. Nxe4 Bg4+ 9. Ke1 O-O-O 10. Bf4 Nb4 11. Bd3 Rxd3 12. cxd3 Nxd3+ 13. Kd2 Nxf4
14. f3 Bf5 15. g3 Bxe4 16. gxf4 Bf5 17. Rhg1 g6 18. Rac1 Ne7 19. Rc5 Rd8+ 20.
Kc1 b6 21. Rc4 Nd5 22. b3 Ne3 23. Rc3 Nd5 24. Rc4 b5 25. Rc5 Nxf4 {Normal} 0-1

[Event "Rated Blitz tournament XjiNz1pt"]
[Site "?"]
[Date "2021.07.02"]
[Round "?"]
[White "SamuraiX01"]
[Black "Fantastic_power06"]
[Result "1-0"]
[WhiteElo "2207"]
[BlackElo "2636"]
[PlyCount "151"]
[EventDate "2021.??.??"]
[EventType "blitz"]

1. e4 e5 2. Nf3 d5 3. exd5 e4 4. Qe2 Nf6 5. Nc3 Be7 6. Nxe4 O-O 7. Nxf6+ Bxf6
8. Qd1 Qxd5 9. Be2 c5 10. O-O Nc6 11. d3 Bg4 12. h3 Bh5 13. Be3 Bxb2 14. Rb1
Bf6 15. Rxb7 Nd4 16. Rb1 Nxe2+ 17. Qxe2 Rfe8 18. g4 Bg6 19. Nd2 h5 20. Qf3 Qxa2
21. g5 Bc3 22. Nc4 Qxc2 23. Rfc1 Qxd3 24. Rb3 Be4 25. Qxh5 Qxc4 26. Rbxc3 Qe6
27. Qg4 a5 28. Qxe6 Rxe6 29. Rxc5 a4 30. Ra1 a3 31. Rc3 a2 32. Kf1 Re7 33. Ke2
Rb7 34. Rcc1 Rb1 35. Bd4 Rxc1 36. Rxc1 Bb1 37. Ba1 Kh7 38. Kf3 Bf5 39. h4 Rb8
40. Ke2 Rb1 41. Kd2 Rb4 42. Rh1 Rc4 43. Bc3 Be4 44. Ra1 Bb1 45. Be5 Rxh4 46.
Bg3 Re4 47. f3 Re8 48. Bf4 Rd8+ 49. Ke3 Rd7 50. Kf2 Rd3 51. Be3 Rb3 52. Bd2 Bd3
53. Rxa2 Rb1 54. Rb2 Bg6 55. Rxb1 Bxb1 56. Bc3 Bg6 57. Bd2 Bf5 58. Be3 f6 59.
Bf4 fxg5 60. Bxg5 Kg6 61. Bf4 Bd7 62. Bg3 Kf5 63. Bh4 g5 64. Bg3 g4 65. f4 Ke6
66. Bh4 Bc6 67. Bg3 Kf5 68. Ke1 Be4 69. Bf2 Bf3 70. Bg1 Be4 71. Bf2 Bf3 72. Bg3
Be4 73. Bh4 Bf3 74. Bg5 Be4 75. Bh6 Bf3 76. Bg7 {Time forfeit} 1-0

[Event "Rated Blitz game"]
[Site "?"]
[Date "2021.07.02"]
[Round "?"]
[White "dbestsmiles"]
[Black "KinzyabulatovRenat"]
[Result "1-0"]
[WhiteElo "2532"]
[BlackElo "2419"]
[PlyCount "87"]
[EventDate "2021.??.??"]
[EventType "blitz"]

1. e4 e5 2. Nf3 d5 3. Nxe5 Bd6 4. d4 dxe4 5. Bc4 Bxe5 6. Qh5 Qe7 7. Qxe5 Qxe5
8. dxe5 Nc6 9. Nc3 Bf5 10. Bf4 Nge7 11. Nb5 O-O-O 12. Bxf7 a6 13. Nc3 Rhf8 14.
e6 Ng6 15. Bg5 Rd6 16. Rd1 Nd4 17. O-O Bxe6 18. Bxg6 hxg6 19. Be7 Rfd8 20. Bxd6
Rxd6 21. Nxe4 Ne2+ 22. Kh1 Rb6 23. b3 Bf5 24. f3 Re6 25. Nc5 Rc6 26. Rfe1 Rxc5
27. Rxe2 b6 28. c4 a5 29. Rd5 Rxd5 30. cxd5 Kd7 31. g4 Bb1 32. Kg2 Kd6 33. Rd2
g5 34. Kg3 Bg6 35. f4 Bf7 36. fxg5 Bxd5 37. h4 a4 38. h5 axb3 39. axb3 Kc5 40.
Rxd5+ Kxd5 41. h6 gxh6 42. gxh6 Ke6 43. h7 Kf7 44. h8=Q {Normal} 1-0

[Event "Rated Blitz game"]
[Site "?"]
[Date "2021.07.02"]
[Round "?"]
[White "Ecclesiastes_Gamer"]
[Black "batasjon"]
[Result "1-0"]
[WhiteElo "2485"]
[BlackElo "2390"]
[PlyCount "39"]
[EventDate "2021.??.??"]
[EventType "blitz"]

1. e4 e5 2. Nf3 d5 3. Nxe5 Bd6 4. d4 dxe4 5. Nc4 Nf6 6. Nc3 O-O 7. Nxd6 Qxd6 8.
Be2 Nc6 9. Be3 Rd8 10. Nb5 Qe7 11. c3 Ne5 12. Bf4 a6 13. Nxc7 Qxc7 14. Bxe5 Qb6
15. Qb3 Qc6 16. O-O Be6 17. c4 Ng4 18. d5 Qe8 19. Bxg7 Nxh2 20. Qg3 {Normal}
1-0

[Event "Rated Blitz game"]
[Site "?"]
[Date "2021.07.02"]
[Round "?"]
[White "Principatibus"]
[Black "Polyclinical"]
[Result "0-1"]
[WhiteElo "2668"]
[BlackElo "2828"]
[PlyCount "28"]
[EventDate "2021.??.??"]
[EventType "blitz"]

1. e4 e5 2. Nf3 d5 3. Nc3 dxe4 4. Nxe4 Nc6 5. d4 Nxd4 6. Nxd4 Qxd4 7. Bd3 f5 8.
Be3 Qd5 9. Qh5+ g6 10. Qf3 fxe4 11. Bxe4 Qf7 12. Qe2 Nf6 13. Bxb7 Bxb7 14. Qb5+
c6 {Normal} 0-1

[Event "Rated Blitz game"]
[Site "?"]
[Date "2021.07.02"]
[Round "?"]
[White "good_knight_kisses"]
[Black "qnefe"]
[Result "0-1"]
[WhiteElo "2474"]
[BlackElo "2346"]
[PlyCount "122"]
[EventDate "2021.??.??"]
[EventType "blitz"]

1. e4 e5 2. Nf3 d5 3. exd5 e4 4. Qe2 Nf6 5. Nc3 Be7 6. Nxe4 O-O 7. Nxf6+ Bxf6
8. d4 Re8 9. Be3 Qxd5 10. Qb5 Qe6 11. Bc4 Qe7 12. O-O Nc6 13. c3 a6 14. Qa4 Bg4
15. Be2 b5 16. Qc2 Bh5 17. Rfe1 Bg6 18. Bd3 Qd7 19. Bf4 Ne7 20. Ne5 Bxd3 21.
Qxd3 Qd5 22. a4 Rab8 23. axb5 axb5 24. Qf3 Qb3 25. Re2 c5 26. dxc5 Nd5 27. Bg3
Re6 28. Nd7 Rxe2 29. Qxe2 Rd8 30. Nxf6+ Nxf6 31. c6 h5 32. c7 Rc8 33. h3 Nd5
34. Qd1 Qc4 35. b3 Qc6 36. c4 bxc4 37. bxc4 Nxc7 38. Qd6 Ne6 39. Qxc6 Rxc6 40.
Rc1 f6 41. Kf1 Kf7 42. Ke2 g5 43. Ke3 f5 44. Kd3 Nc5+ 45. Kd4 Ne4 46. Kd5 Rc5+
47. Kd4 Rc8 48. Be5 Nxf2 49. c5 Ke6 50. c6 Ne4 51. c7 Nf6 52. Bxf6 Kxf6 53. Kd5
Ke7 54. Kc6 g4 55. Re1+ Kf6 56. hxg4 fxg4 57. Kd7 Rg8 58. c8=Q Rg7+ 59. Kc6 Rf7
60. Kd5 Kg7 61. Re6 Rf5+ {Time forfeit} 0-1